[Event "CZE-chT2D 2223"]
[Site "Czech Republic"]
[Date "2023.01.08"]
[Round "6.3"]
[White "Strasil, Pavel"]
[Black "Novak, Ales"]
[Result "1/2-1/2"]
[WhiteElo "2050"]
[BlackElo "2112"]
[PlyCount "95"]
[EventDate "2022.10.16"]
[EventType "team-tourn"]
[EventRounds "11"]
[EventCountry "CZE"]
[SourceTitle "EXT 2024"]
[Source "ChessBase"]
[SourceDate "2023.10.10"]
[SourceVersion "1"]
[SourceVersionDate "2023.10.10"]
[SourceQuality "1"]
[WhiteTeam "Zabreh"]
[BlackTeam "Policka Stefanydes"]
[WhiteTeamCountry "CZE"]
[BlackTeamCountry "CZE"]

1. d4 d6 2. e4 Nf6 3. Nc3 Nbd7 4. Nf3 e5 5. Bg5 Be7 6. dxe5 dxe5 7. Bc4 0-0 8. 0-0 c6 9. a4 Qc7 10. h3 Nc5 11. Qe2 Be6 12. Rfd1 Rfd8 13. Bxe6 Nxe6 14. Be3 Bc5 15. Bxc5 Nxc5 16. Qc4 Ne6 17. b3 h6 18. g3 Nh7 19. Kg2 Nhg5 20. Nxg5 hxg5 21. Ne2 Rd7 22. Rxd7 Qxd7 23. Qc3 Qd6 24. Nc1 Nc5 25. Nd3 Nxd3 26. Qxd3 Qxd3 27. cxd3 Rd8 28. Rd1 f6 29. Kf3 Kf7 30. Ke3 Rd4 31. Kd2 Ke6 32. Kc3 a5 33. f4 gxf4 34. gxf4 Rd8 35. f5+ Ke7 36. h4 b6 37. Rg1 Kf7 38. h5 Rh8 39. Rh1 Ke7 40. Kc4 Kd6 41. b4 axb4 42. Kxb4 Ke7 43. Rc1 Kd6 44. Rh1 Ke7 45. Rc1 Kd6 46. Rh1 Ke7 47. Rc1 Kd6 48. Rh1 1/2-1/2

[Event "CZE-chT2D 2223"]
[Site "Czech Republic"]
[Date "2022.12.04"]
[Round "4.3"]
[White "Strasil, Pavel"]
[Black "Kratky, Josef"]
[Result "1-0"]
[WhiteElo "2050"]
[BlackElo "2075"]
[PlyCount "99"]
[EventDate "2022.10.16"]
[EventType "team-tourn"]
[EventRounds "11"]
[EventCountry "CZE"]
[SourceTitle "EXT 2024"]
[Source "ChessBase"]
[SourceDate "2023.10.10"]
[SourceVersion "1"]
[SourceVersionDate "2023.10.10"]
[SourceQuality "1"]
[WhiteTeam "Zabreh"]
[BlackTeam "Lanskroun"]
[WhiteTeamCountry "CZE"]
[BlackTeamCountry "CZE"]

1. Nf3 c5 2. c4 g6 3. g3 Bg7 4. Bg2 e5 5. d3 Ne7 6. Nc3 0-0 7. Bd2 Nbc6 8. 0-0 d6 9. a3 a6 10. Rb1 Rb8 11. Nd5 b5 12. Nxe7+ Qxe7 13. cxb5 Rxb5 14. b4 cxb4 15. Bxb4 Nxb4 16. Rxb4 Rxb4 17. axb4 d5 18. Nd2 Qxb4 19. Bxd5 Bh3 20. Re1 a5 21. Ne4 h6 22. Qb1 Rd8 23. Qxb4 axb4 24. Bc4 Bf8 25. Ra1 Be7 26. Ra7 Rd7 27. Rxd7 Bxd7 28. Nd2 Bc5 29. Ne4 Be7 30. Nd2 Kg7 31. Nb3 f5 32. f3 Kf6 33. Kf2 Bd8 34. Kg2 Bb6 35. h4 g5 36. hxg5+ hxg5 37. e4 g4 38. fxg4 fxe4 39. dxe4 Bxg4 40. Bd5 Ke7 41. Nd2 Bd4 42. Nb3 Be3 43. Na5 Kd6 44. Nc4+ Kc5 45. Nxe3 Bd7 46. Kf3 Kd4 47. g4 Be8 48. Nf5+ Kc3 49. Ne7 Kd4 50. Nc6+ 1-0

[Event "Wroclaw Anderssen Memorial"]
[Site "Wroclaw"]
[Date "2022.07.30"]
[Round "8"]
[White "Strasil, Pavel"]
[Black "Krawczyk, Eryk"]
[Result "0-1"]
[WhiteElo "2050"]
[BlackElo "1239"]
[PlyCount "68"]
[EventDate "2022.07.30"]
[EventType "swiss (rapid)"]
[EventRounds "9"]
[EventCountry "POL"]
[SourceTitle "CBM 209 Extra"]
[Source "ChessBase"]
[SourceDate "2022.09.30"]
[SourceVersion "1"]
[SourceVersionDate "2022.09.30"]
[SourceQuality "1"]

1. Nf3 d5 2. e3 c5 3. d4 Nc6 4. c4 cxd4 5. exd4 Nf6 6. Nc3 Bf5 7. Be2 e6 8. 0-0 Be7 9. Bg5 h6 10. Bh4 Ne4 11. Bxe7 Nxe7 12. Nxe4 Bxe4 13. c5 0-0 14. Bd3 f5 15. Ne5 Nc6 16. Nxc6 bxc6 17. f3 Bxd3 18. Qxd3 Rb8 19. b3 Re8 20. Rae1 Qf6 21. Re5 a5 22. Rfe1 Re7 23. Qa6 Rb4 24. R1e2 Rxd4 25. Qxc6 Rd1+ 26. Re1 Rxe1+ 27. Rxe1 Qd4+ 28. Kh1 Qd2 29. Rg1 d4 30. Qd6 Kf7 31. c6 d3 32. g4 Qe2 33. Qf4 g5 34. Qd4 d2 0-1

[Event "CZE-ch Betsys Online Blitz"]
[Site "Chess.com INT"]
[Date "2021.04.17"]
[Round "13"]
[White "Strasil, Pavel"]
[Black "Belaska, Premysl"]
[Result "1-0"]
[WhiteElo "2027"]
[BlackElo "2205"]
[PlyCount "79"]
[EventDate "2021.04.17"]
[EventType "swiss (blitz)"]
[EventRounds "13"]
[EventCountry "CZE"]
[SourceTitle "CBM 201 Extra"]
[Source "ChessBase"]
[SourceDate "2021.05.31"]
[SourceVersion "1"]
[SourceVersionDate "2021.05.31"]
[SourceQuality "1"]

1. Nf3 d5 2. e3 g6 3. c4 c6 4. d4 Bg7 5. Nc3 Nf6 6. Qb3 0-0 7. cxd5 cxd5 8. Be2 Nc6 9. 0-0 b6 10. Qa4 Bb7 11. Ba6 Bxa6 12. Qxa6 Qc8 13. Qxc8 Raxc8 14. Bd2 e6 15. a3 Na5 16. Nb5 Nb3 17. Rad1 a6 18. Nc3 Rc7 19. Rfe1 Rfc8 20. Re2 h6 21. Be1 Bf8 22. Ne5 Nd7 23. Nxd7 Rxd7 24. Na2 Rdc7 25. Kf1 Nc1 26. Nxc1 Rxc1 27. Red2 Bd6 28. g3 Kf8 29. Ke2 Ke7 30. Rxc1 Rxc1 31. Rd1 Rc2+ 32. Rd2 Rc8 33. Kd1 h5 34. Rc2 Rxc2 35. Kxc2 Kf6 36. h4 Kf5 37. Kd3 f6 38. f3 g5 39. Ke2 e5 40. dxe5 1-0

[Event "CZE-chT2D 1920"]
[Site "Czech Republic"]
[Date "2020.06.27"]
[Round "10.4"]
[White "Fisar, Josef"]
[Black "Strasil, Pavel"]
[Result "1/2-1/2"]
[WhiteElo "2063"]
[BlackElo "1997"]
[PlyCount "90"]
[EventDate "2019.10.13"]
[EventType "team-tourn"]
[EventRounds "11"]
[EventCountry "CZE"]
[SourceTitle "EXT 2024"]
[Source "ChessBase"]
[SourceDate "2023.10.10"]
[SourceVersion "1"]
[SourceVersionDate "2023.10.10"]
[SourceQuality "1"]
[WhiteTeam "Zdar nad Sazavou"]
[BlackTeam "Zabreh"]
[WhiteTeamCountry "CZE"]
[BlackTeamCountry "CZE"]

1. e4 e6 2. d4 d5 3. Nc3 Bb4 4. exd5 exd5 5. Bd3 Nf6 6. Nge2 0-0 7. 0-0 c6 8. a3 Bd6 9. Bf4 Bxf4 10. Nxf4 Qd6 11. Nh5 Nxh5 12. Qxh5 h6 13. Rfe1 Nd7 14. h3 Nf6 15. Qf3 Be6 16. Ne2 Rae8 17. Ng3 Bd7 18. Nf5 Bxf5 19. Qxf5 g6 20. Qf3 Kg7 21. Rad1 h5 22. Rb1 a6 23. Rbd1 Rxe1+ 24. Rxe1 Re8 25. Rxe8 Nxe8 26. Qe3 Qe6 27. Qe5+ Qxe5 28. dxe5 a5 29. g3 Nc7 30. Kf1 f6 31. exf6+ Kxf6 32. h4 Ne6 33. c3 g5 34. hxg5+ Kxg5 35. Kg2 h4 36. Kh3 hxg3 37. fxg3 d4 38. cxd4 Nxd4 39. Kg2 b5 40. b4 axb4 41. axb4 Ne6 42. Kf2 c5 43. bxc5 Nxc5 44. Bxb5 Ne4+ 45. Kf3 Nxg3 1/2-1/2

[Event "CZE-chT2D 1920"]
[Site "Czech Republic"]
[Date "2019.10.13"]
[Round "1.3"]
[White "Mojzis, Jan"]
[Black "Strasil, Pavel"]
[Result "1/2-1/2"]
[WhiteElo "2154"]
[BlackElo "1997"]
[PlyCount "35"]
[EventDate "2019.10.13"]
[EventType "team-tourn"]
[EventRounds "11"]
[EventCountry "CZE"]
[SourceTitle "EXT 2024"]
[Source "ChessBase"]
[SourceDate "2023.10.10"]
[SourceVersion "1"]
[SourceVersionDate "2023.10.10"]
[SourceQuality "1"]
[WhiteTeam "Nachod Snezka"]
[BlackTeam "Zabreh"]
[WhiteTeamCountry "CZE"]
[BlackTeamCountry "CZE"]

1. e4 e6 2. d4 d5 3. Nd2 a6 4. Bd3 c5 5. c3 cxd4 6. cxd4 dxe4 7. Nxe4 Nd7 8. Nf3 Ngf6 9. Nxf6+ Nxf6 10. 0-0 Be7 11. Bg5 0-0 12. Qe2 h6 13. Bh4 Nh5 14. Bg3 Nxg3 15. hxg3 Bf6 16. Rfd1 Qb6 17. Rd2 Be7 18. Ne5 1/2-1/2

[Event "CZE-chT2E 1819"]
[Site "Czech Republic"]
[Date "2019.03.17"]
[Round "10.3"]
[White "Stancik, Jakub"]
[Black "Strasil, Pavel"]
[Result "1/2-1/2"]
[WhiteElo "2250"]
[BlackElo "2036"]
[PlyCount "43"]
[EventDate "2018.10.14"]
[EventType "team-tourn"]
[EventRounds "11"]
[EventCountry "CZE"]
[SourceTitle "EXT 2022"]
[Source "ChessBase"]
[SourceDate "2021.10.06"]
[SourceVersion "1"]
[SourceVersionDate "2021.10.06"]
[SourceQuality "1"]
[WhiteTeam "Vsetin"]
[BlackTeam "Velke Losiny"]
[WhiteTeamCountry "CZE"]
[BlackTeamCountry "CZE"]

1. e4 e6 2. d4 d5 3. Nd2 a6 4. Ngf3 c5 5. exd5 exd5 6. Be2 Nc6 7. 0-0 cxd4 8. Nb3 Nf6 9. Nbxd4 Be7 10. c3 0-0 11. Bg5 h6 12. Bh4 g5 13. Bg3 Ne4 14. Bd3 Nxd4 15. Nxd4 Bf6 16. Qc2 Bxd4 17. Bxe4 dxe4 18. cxd4 Qd5 19. Qc5 Be6 20. Qxd5 Bxd5 21. b3 Rac8 22. Rfc1 1/2-1/2

[Event "CZE-chT2E 1819"]
[Site "Czech Republic"]
[Date "2018.12.02"]
[Round "4.6"]
[White "Strasil, Pavel"]
[Black "Hrtko, Vladimir"]
[Result "1/2-1/2"]
[WhiteElo "2036"]
[BlackElo "2116"]
[PlyCount "61"]
[EventDate "2018.10.14"]
[EventType "team-tourn"]
[EventRounds "11"]
[EventCountry "CZE"]
[SourceTitle "EXT 2022"]
[Source "ChessBase"]
[SourceDate "2021.10.06"]
[SourceVersion "1"]
[SourceVersionDate "2021.10.06"]
[SourceQuality "1"]
[WhiteTeam "Velke Losiny"]
[BlackTeam "Lipovec Garde"]
[WhiteTeamCountry "CZE"]
[BlackTeamCountry "CZE"]

1. d4 d5 2. c4 e6 3. Nc3 Nf6 4. cxd5 exd5 5. Bg5 c6 6. Qc2 Be7 7. e3 h6 8. Bxf6 Bxf6 9. Bd3 0-0 10. h3 a5 11. Nf3 Re8 12. 0-0 Be6 13. a3 Na6 14. Na4 Qd6 15. Rfc1 Bd7 16. Nb6 Ra7 17. Nxd7 Qxd7 18. Rab1 Qd6 19. Qc3 Nc7 20. Qc5 Qxc5 21. Rxc5 Ne6 22. Rc2 Rea8 23. Rbc1 a4 24. g4 Ng5 25. Nxg5 hxg5 26. Kg2 g6 27. Rc3 Kg7 28. Rb1 Bd8 29. Rh1 Be7 30. Rb1 Bd6 31. Rd1 1/2-1/2

[Event "CZE-chT1E 1819"]
[Site "Czech Republic"]
[Date "2018.11.25"]
[Round "3.5"]
[White "Strasil, Pavel"]
[Black "Novotny, Josef1111"]
[Result "0-1"]
[WhiteElo "2031"]
[BlackElo "2010"]
[PlyCount "108"]
[EventDate "2018.10.21"]
[EventType "team-tourn"]
[EventRounds "11"]
[EventCountry "CZE"]
[SourceTitle "CBM 187 Extra"]
[Source "ChessBase"]
[SourceDate "2018.11.04"]
[SourceVersion "1"]
[SourceVersionDate "2018.11.04"]
[SourceQuality "1"]
[WhiteTeam "Litovel Tatran"]
[BlackTeam "Rychnov nad Kneznou"]
[WhiteTeamCountry "CZE"]
[BlackTeamCountry "CZE"]

1. d4 e6 2. c4 d6 3. Nc3 Nf6 4. e4 g6 5. Be2 Bg7 6. Bg5 h6 7. Be3 Nc6 8. h3 Bd7 9. Nf3 Qe7 10. Qd2 a6 11. 0-0 g5 12. d5 Ne5 13. Nxe5 dxe5 14. Rfd1 Rd8 15. d6 cxd6 16. Qxd6 Qxd6 17. Rxd6 Bf8 18. Rd3 Bb4 19. f3 Rc8 20. a3 Be7 21. Rad1 a5 22. Kf2 Bc6 23. Bb6 a4 24. Nb5 Bxb5 25. cxb5 0-0 26. g4 Rc2 27. R1d2 Rfc8 28. Ke3 Kf8 29. Bd1 R2c4 30. Kf2 Ke8 31. Kg3 Ra8 32. Kg2 Bc5 33. Bd8 Ng8 34. Ba5 Bd4 35. Bb4 Nf6 36. b3 Rxb4 37. axb4 a3 38. Ra2 Bb2 39. Rd2 Rd8 40. Rxd8+ Kxd8 41. Be2 Kc7 42. Kf2 Kb6 43. Ke3 Ne8 44. Kd2 Nd6 45. Rxb2 axb2 46. Kc2 b1Q+ 47. Kxb1 Nxb5 48. Kb2 Nd4 49. Bd1 Kb5 50. Kc3 f6 51. Bc2 Nxc2 52. Kxc2 Kxb4 53. Kb2 b6 54. Kc2 Ka3 0-1

[Event "CZE-chT1E 1819"]
[Site "Czech Republic"]
[Date "2018.11.11"]
[Round "2.3"]
[White "Piza, Vlastimil"]
[Black "Strasil, Pavel"]
[Result "1/2-1/2"]
[WhiteElo "2236"]
[BlackElo "2031"]
[PlyCount "96"]
[EventDate "2018.10.21"]
[EventType "team-tourn"]
[EventRounds "11"]
[EventCountry "CZE"]
[SourceTitle "CBM 187 Extra"]
[Source "ChessBase"]
[SourceDate "2018.11.04"]
[SourceVersion "1"]
[SourceVersionDate "2018.11.04"]
[SourceQuality "1"]
[WhiteTeam "Gordic"]
[BlackTeam "Litovel Tatran"]
[WhiteTeamCountry "CZE"]
[BlackTeamCountry "CZE"]

1. e4 e6 2. d4 d5 3. Nd2 a6 4. Ngf3 c5 5. exd5 exd5 6. dxc5 Bxc5 7. Bd3 Qe7+ 8. Qe2 Nc6 9. c3 Qxe2+ 10. Kxe2 Nge7 11. Re1 0-0 12. Kf1 Bg4 13. h3 Bd7 14. Nb3 Bb6 15. Be3 Bc7 16. Bc5 Rfe8 17. Nbd4 g6 18. Rad1 Nxd4 19. Nxd4 Nc6 20. Nxc6 Bxc6 21. Rxe8+ Rxe8 22. Bd4 Ba4 23. b3 Bc6 24. Be2 f5 25. Bf3 Kf7 26. g3 Rd8 27. h4 h5 28. a4 Ke6 29. Re1+ Kd7 30. Bf6 Re8 31. Rxe8 Kxe8 32. Ke2 a5 33. Ke3 Kf7 34. Bd4 Ke6 35. Be2 Bd8 36. Kf4 Kd6 37. Ke3 Ke6 38. f4 Kd6 39. Bd3 Ke6 40. Bc5 Bf6 41. Kd2 Bd8 42. Be2 Bc7 43. Kc2 Bd8 44. Kb2 Bc7 45. Bd4 Bd8 46. Ka3 Bc7 47. b4 b6 48. Kb3 Kd7 1/2-1/2

[Event "CZE-chT2E 1819"]
[Site "Czech Republic"]
[Date "2018.11.04"]
[Round "2.6"]
[White "Strasil, Pavel"]
[Black "Kocian, Miroslav"]
[Result "1/2-1/2"]
[WhiteElo "2036"]
[BlackElo "2031"]
[PlyCount "40"]
[EventDate "2018.10.14"]
[EventType "team-tourn"]
[EventRounds "11"]
[EventCountry "CZE"]
[SourceTitle "EXT 2022"]
[Source "ChessBase"]
[SourceDate "2021.10.06"]
[SourceVersion "1"]
[SourceVersionDate "2021.10.06"]
[SourceQuality "1"]
[WhiteTeam "Velke Losiny"]
[BlackTeam "Zlin"]
[WhiteTeamCountry "CZE"]
[BlackTeamCountry "CZE"]

1. d4 Nf6 2. c4 c5 3. Nf3 g6 4. Nc3 Qa5 5. Bd2 cxd4 6. Nxd4 Bg7 7. Nb3 Qd8 8. e4 d6 9. Be2 Nc6 10. f3 h5 11. Be3 b6 12. Rc1 Bb7 13. Qd2 Qd7 14. Nd4 Ne5 15. Nd5 Rc8 16. b3 Ba6 17. 0-0 0-0 18. Nxf6+ Bxf6 19. Bg5 Bg7 20. Be3 Rfd8 1/2-1/2

[Event "CZE-chT1E 1819"]
[Site "Czech Republic"]
[Date "2018.10.21"]
[Round "1.3"]
[White "Strasil, Pavel"]
[Black "Pala, Vladimir"]
[Result "1/2-1/2"]
[WhiteElo "2031"]
[BlackElo "2237"]
[PlyCount "24"]
[EventDate "2018.10.21"]
[EventType "team-tourn"]
[EventRounds "11"]
[EventCountry "CZE"]
[SourceTitle "CBM 187 Extra"]
[Source "ChessBase"]
[SourceDate "2018.11.04"]
[SourceVersion "1"]
[SourceVersionDate "2018.11.04"]
[SourceQuality "1"]
[WhiteTeam "Litovel Tatran"]
[BlackTeam "Hostalkova"]
[WhiteTeamCountry "CZE"]
[BlackTeamCountry "CZE"]

1. d4 g6 2. c4 Bg7 3. Nc3 d6 4. e4 e5 5. d5 Ne7 6. g3 0-0 7. Bg2 Nd7 8. Nge2 f5 9. 0-0 Nf6 10. f3 h6 11. Be3 fxe4 12. fxe4 b6 1/2-1/2

[Event "Wroclaw Anderssen Memorial op"]
[Site "Wroclaw"]
[Date "2018.08.05"]
[Round "13"]
[White "Rogoz, Vladyslav"]
[Black "Strasil, Pavel"]
[Result "0-1"]
[WhiteElo "1727"]
[BlackElo "2031"]
[PlyCount "88"]
[EventDate "2018.08.04"]
[EventType "swiss (rapid)"]
[EventRounds "13"]
[EventCountry "POL"]
[SourceTitle "CBM 185 Extra"]
[Source "ChessBase"]
[SourceDate "2018.07.29"]
[SourceVersion "1"]
[SourceVersionDate "2018.07.29"]
[SourceQuality "1"]

1. d4 Nf6 2. c4 g6 3. Nc3 Bg7 4. e4 d6 5. h3 0-0 6. Be3 c6 7. Nf3 Nbd7 8. Bd3 e5 9. d5 c5 10. Qd2 a6 11. Bh6 b5 12. Bxg7 Kxg7 13. cxb5 axb5 14. Nxb5 Nb6 15. b3 Ba6 16. Qe2 Nh5 17. 0-0 Nf4 18. Qc2 Nxd3 19. Qxd3 Qd7 20. a4 h6 21. Nd2 f5 22. f4 exf4 23. Rxf4 Bxb5 24. Qc3+ Kh7 25. axb5 Qxb5 26. Nc4 Nxc4 27. bxc4 Qb4 28. Qc1 Qb7 29. Rb1 Qg7 30. exf5 gxf5 31. Qc2 Qe5 32. g3 Qe3+ 33. Kh2 Ra3 34. Rg1 Rc3 35. Qa4 Rf7 36. Qa8 Rc2+ 37. Rg2 Rg7 38. Rg4 fxg4 39. Rxc2 gxh3 40. g4 Qf4+ 41. Kg1 Rxg4+ 42. Kh1 Qe4+ 43. Kh2 Qxc2+ 44. Kxh3 Qg2# 0-1

[Event "Wroclaw Anderssen Memorial op"]
[Site "Wroclaw"]
[Date "2018.08.04"]
[Round "6"]
[White "Kislinsky, Alexey"]
[Black "Strasil, Pavel"]
[Result "1-0"]
[WhiteElo "2478"]
[BlackElo "2031"]
[PlyCount "45"]
[EventDate "2018.08.04"]
[EventType "swiss (rapid)"]
[EventRounds "13"]
[EventCountry "POL"]
[SourceTitle "CBM 185 Extra"]
[Source "ChessBase"]
[SourceDate "2018.07.29"]
[SourceVersion "1"]
[SourceVersionDate "2018.07.29"]
[SourceQuality "1"]

1. e4 e6 2. d4 d5 3. Nd2 a6 4. Ngf3 c5 5. c3 Nc6 6. Bd3 dxe4 7. Nxe4 cxd4 8. cxd4 Nf6 9. Nxf6+ gxf6 10. 0-0 Bd6 11. Re1 Be7 12. a3 Qd6 13. g3 Rg8 14. Bf1 Bd7 15. Bg2 Qd5 16. Bf4 Qh5 17. Rc1 Kf8 18. Ne5 Qxd1 19. Nxd7+ Ke8 20. Rcxd1 Kxd7 21. d5 Ne5 22. dxe6+ Kxe6 23. Bh3+ 1-0

[Event "Wroclaw Anderssen Memorial op"]
[Site "Wroclaw"]
[Date "2018.08.04"]
[Round "3"]
[White "Strasil, Pavel"]
[Black "Mirzoev, Emil"]
[Result "0-1"]
[WhiteElo "2031"]
[BlackElo "2434"]
[PlyCount "94"]
[EventDate "2018.08.04"]
[EventType "swiss (rapid)"]
[EventRounds "13"]
[EventCountry "POL"]
[SourceTitle "CBM 185 Extra"]
[Source "ChessBase"]
[SourceDate "2018.07.29"]
[SourceVersion "1"]
[SourceVersionDate "2018.07.29"]
[SourceQuality "1"]

1. d4 Nf6 2. c4 Nc6 3. Nf3 d6 4. Bg5 e5 5. dxe5 Nxe5 6. Nxe5 dxe5 7. Qxd8+ Kxd8 8. Nc3 c6 9. 0-0-0+ Kc7 10. f3 Be6 11. e4 Nd7 12. Be3 a6 13. f4 f6 14. f5 Bf7 15. Na4 Be7 16. Rxd7+ Kxd7 17. Nb6+ Kc7 18. Nxa8+ Rxa8 19. Be2 b5 20. c5 Bxa2 21. Kc2 a5 22. g4 a4 23. Kc3 Bd8 24. Kb4 a3 25. b3 Kc8 26. Kc3 b4+ 27. Kc2 Be7 28. Ra1 Ra5 29. Rxa2 Bxc5 30. Bxc5 Rxc5+ 31. Bc4 Kc7 32. Kb1 Kb6 33. Rd2 Ra5 34. Rd7 Ra7 35. Rd8 Kc5 36. h4 h6 37. h5 Kb6 38. Ka2 Kc7 39. Rd2 Ra8 40. Be6 Rd8 41. Rxd8 Kxd8 42. Bc4 Kc7 43. Bd3 Kb6 44. Be2 Kc5 45. Ba6 Kd4 46. Bb7 Kxe4 47. Bxc6+ Kf4 0-1

[Event "CZE-chT2F 1617"]
[Site "Czech Republic"]
[Date "2016.11.27"]
[Round "4.3"]
[White "Strasil, Pavel"]
[Black "Maly, Marek1111"]
[Result "1/2-1/2"]
[WhiteElo "2085"]
[BlackElo "2196"]
[PlyCount "20"]
[EventDate "2016.10.09"]
[EventType "team-tourn"]
[EventRounds "11"]
[EventCountry "CZE"]
[SourceTitle "EXT 2022"]
[Source "ChessBase"]
[SourceDate "2021.10.06"]
[SourceVersion "1"]
[SourceVersionDate "2021.10.06"]
[SourceQuality "1"]
[WhiteTeam "Unicov"]
[BlackTeam "Velke Losiny"]
[WhiteTeamCountry "CZE"]
[BlackTeamCountry "CZE"]

1. d4 e6 2. c4 Nf6 3. Nc3 d5 4. Bg5 Bb4 5. cxd5 exd5 6. e3 h6 7. Bxf6 Qxf6 8. Qb3 Qd6 9. a3 Bxc3+ 10. Qxc3 Bf5 1/2-1/2

[Event "CZE-chT2F 1617"]
[Site "Czech Republic"]
[Date "2016.11.13"]
[Round "3.2"]
[White "Strasil, Pavel"]
[Black "Vanek, Ladislav"]
[Result "1/2-1/2"]
[WhiteElo "2085"]
[BlackElo "2253"]
[PlyCount "116"]
[EventDate "2016.10.09"]
[EventType "team-tourn"]
[EventRounds "11"]
[EventCountry "CZE"]
[SourceTitle "EXT 2022"]
[Source "ChessBase"]
[SourceDate "2021.10.06"]
[SourceVersion "1"]
[SourceVersionDate "2021.10.06"]
[SourceQuality "1"]
[WhiteTeam "Unicov"]
[BlackTeam "Vrbno pod Pradedem"]
[WhiteTeamCountry "CZE"]
[BlackTeamCountry "CZE"]

1. d4 Nf6 2. c4 e6 3. Nc3 Bb4 4. e3 Bxc3+ 5. bxc3 c5 6. Nf3 Nc6 7. Be2 d6 8. 0-0 0-0 9. Qc2 e5 10. d5 Ne7 11. e4 Ng6 12. Bg5 h6 13. Be3 Qe7 14. Nd2 Nf4 15. Bxf4 exf4 16. Bd3 Bg4 17. f3 Bc8 18. e5 Qxe5 19. Rae1 Qg5 20. Rf2 Bd7 21. Ne4 Nxe4 22. Bxe4 Rfe8 23. Rfe2 Kf8 24. Qd2 Re7 25. Bd3 Rae8 26. Rxe7 Rxe7 27. Rxe7 Kxe7 28. g3 fxg3 29. Qxg5+ hxg5 30. hxg3 Kf6 31. Kf2 Bf5 32. Be2 Bb1 33. a3 g4 34. fxg4 Kg5 35. Kf3 f6 36. Kg2 Bg6 37. Kh3 Be8 38. Bf3 Bd7 39. Be2 Bc8 40. Bd1 f5 41. Be2 Kf6 42. gxf5 Bxf5+ 43. Kg2 Bc2 44. Kf3 Ke5 45. Ke3 Bb3 46. Bd3 b5 47. cxb5 Kxd5 48. Be2 c4 49. Bf3+ Kc5 50. Bc6 a6 51. Be8 axb5 52. Bd7 Bc2 53. Be8 Bf5 54. Kf4 Bc2 55. Ke3 g5 56. Kd2 Be4 57. Ke3 Bc6 58. Bg6 Bd5 1/2-1/2

[Event "CZE-chT2F 1617"]
[Site "Czech Republic"]
[Date "2016.10.23"]
[Round "2"]
[White "Poloch, Petr"]
[Black "Strasil, Pavel"]
[Result "1/2-1/2"]
[WhiteElo "2296"]
[BlackElo "2085"]
[PlyCount "59"]
[EventDate "2016.10.09"]
[EventType "team-tourn"]
[EventRounds "11"]
[EventCountry "CZE"]
[SourceTitle "EXT 2022"]
[Source "ChessBase"]
[SourceDate "2021.10.06"]
[SourceVersion "1"]
[SourceVersionDate "2021.10.06"]
[SourceQuality "1"]
[WhiteTeam "Karvina"]
[BlackTeam "Unicov"]
[WhiteTeamCountry "CZE"]
[BlackTeamCountry "CZE"]

1. d4 Nf6 2. c4 g6 3. Nc3 Bg7 4. e4 d6 5. f4 0-0 6. Nf3 c5 7. d5 e6 8. Be2 exd5 9. cxd5 Bg4 10. 0-0 Re8 11. h3 Bxf3 12. Bxf3 Nbd7 13. g4 Nf8 14. g5 N6d7 15. Be3 f5 16. Qc2 fxe4 17. Nxe4 Qb6 18. Bf2 Re7 19. Rad1 Rae8 20. Nd2 Qc7 21. a4 a6 22. b4 b6 23. Rc1 a5 24. b5 Rf7 25. Qc4 Qd8 26. Kg2 Ne5 27. fxe5 Qxg5+ 28. Qg4 Qxd2 29. Rcd1 Qc3 30. e6 1/2-1/2

[Event "CZE-chT2D 1516"]
[Site "Czech Republic"]
[Date "2016.02.07"]
[Round "7.1"]
[White "Valenta, Vit"]
[Black "Strasil, Pavel"]
[Result "1/2-1/2"]
[WhiteElo "2076"]
[BlackElo "2099"]
[PlyCount "104"]
[EventDate "2015.10.18"]
[EventType "team-tourn"]
[EventRounds "11"]
[EventCountry "CZE"]
[SourceTitle "EXT 2022"]
[Source "ChessBase"]
[SourceDate "2021.10.06"]
[SourceVersion "1"]
[SourceVersionDate "2021.10.06"]
[SourceQuality "1"]
[WhiteTeam "Velke Losiny"]
[BlackTeam "Zabreh"]
[WhiteTeamCountry "CZE"]
[BlackTeamCountry "CZE"]

1. e4 c5 2. Nc3 Nc6 3. g3 g6 4. Bg2 Bg7 5. Nge2 d6 6. 0-0 Nf6 7. d3 0-0 8. Bf4 Nd4 9. Nxd4 cxd4 10. Ne2 e5 11. Bd2 Bd7 12. Bb4 Bc6 13. c4 dxc3 14. bxc3 Re8 15. c4 a5 16. Ba3 b5 17. cxb5 Bxb5 18. Nc3 Ba6 19. Rb1 Rb8 20. Qd2 Qd7 21. Rfc1 Rec8 22. Rxb8 Rxb8 23. Nd5 Nxd5 24. exd5 Bf8 25. Qxa5 Bxd3 26. h3 Rb1 27. Rxb1 Bxb1 28. Bc1 Bc2 29. Be3 Ba4 30. Qa8 Qe8 31. Qxe8 Bxe8 32. Bf1 Ba4 33. Ba6 Be7 34. Bb6 Kf8 35. Bb7 Bd7 36. h4 Ke8 37. Bc7 e4 38. Bc6 Bxc6 39. dxc6 d5 40. Bb6 Ba3 41. Kf1 Ke7 42. Ke2 d4 43. Bxd4 Kd6 44. Ke3 f5 45. Kf4 Kxc6 46. Ke5 Bd6+ 47. Kf6 f4 48. gxf4 Bxf4 49. Kg7 Bc7 50. Kxh7 Bd8 51. Kxg6 Bxh4 52. Kf5 Bxf2 1/2-1/2

[Event "CZE-chT2D 1516"]
[Site "Czech Republic"]
[Date "2016.01.24"]
[Round "6.1"]
[White "Strasil, Pavel"]
[Black "Jedlicka, Lubos"]
[Result "0-1"]
[WhiteElo "2099"]
[BlackElo "2225"]
[PlyCount "118"]
[EventDate "2015.10.18"]
[EventType "team-tourn"]
[EventRounds "11"]
[EventCountry "CZE"]
[SourceTitle "EXT 2022"]
[Source "ChessBase"]
[SourceDate "2021.10.06"]
[SourceVersion "1"]
[SourceVersionDate "2021.10.06"]
[SourceQuality "1"]
[WhiteTeam "Zabreh"]
[BlackTeam "Lipa ZVU Engineering"]
[WhiteTeamCountry "CZE"]
[BlackTeamCountry "CZE"]

1. d4 Nf6 2. Nf3 c5 3. c4 g6 4. d5 b5 5. g3 d6 6. Bg2 Bg7 7. 0-0 0-0 8. Re1 Nbd7 9. cxb5 a6 10. bxa6 Bxa6 11. Nc3 Qa5 12. Qc2 Rfb8 13. h3 Nb6 14. e4 Ra7 15. Rb1 Nfd7 16. Bg5 Ne5 17. Nxe5 Bxe5 18. Rec1 Nc4 19. Bf1 Qb4 20. Bxc4 Qxc4 21. b3 Qd3 22. Rb2 Qf3 23. Qd2 Bd3 24. Qe3 Qxe3 25. Bxe3 Bxe4 26. Rd2 Rb4 27. Nxe4 Rxe4 28. Rc4 Rxc4 29. bxc4 Ra3 30. Rc2 f5 31. Bc1 Ra4 32. Bg5 Kf7 33. Kg2 e6 34. dxe6+ Kxe6 35. Be3 Kd7 36. Kf3 Kc6 37. Ke2 h5 38. h4 Bd4 39. Bg5 d5 40. cxd5+ Kxd5 41. Be3 Bxe3 42. Kxe3 Ra3+ 43. Kf4 c4 44. Rd2+ Kc5 45. Rd8 Rxa2 46. Rc8+ Kd4 47. Rd8+ Kc3 48. Rd6 Rxf2+ 49. Ke3 Rg2 50. Rxg6 Rd2 51. Kf4 Rd5 52. Kg5 Kd2 53. Kxh5 f4+ 54. Kg4 fxg3 55. Kxg3 Rd4 56. Rf6 c3 57. Rf2+ Kc1 58. h5 c2 59. h6 Kb1 0-1